Vua Duy Tân 1916

Nghiên cứu về thân thế và sự nghiệp đấu tranh yêu nước của vua Duy Tân thông qua các công trình nghiên cứu trước đây cũng như các tài liệu mới

Spremljeno u:
Bibliografski detalji
Glavni autor: Nguyễn, Trương Đàn
Format: Knjiga
Jezik:Undetermined
Izdano: Hà Nội Văn Học 2014
Teme:
Oznake: Dodaj oznaku
Bez oznaka, Budi prvi tko označuje ovaj zapis!
Thư viện lưu trữ: Trung tâm Học liệu Trường Đại học Cần Thơ
LEADER 00843nam a2200229Ia 4500
001 CTU_197083
008 210402s9999 xx 000 0 und d
020 |c 65000 
082 |a 959.703 
082 |b Đ105 
100 |a Nguyễn, Trương Đàn 
245 0 |a Vua Duy Tân 1916 
245 0 |c Nguyễn Trương Đàn 
260 |a Hà Nội 
260 |b Văn Học 
260 |c 2014 
520 |a Nghiên cứu về thân thế và sự nghiệp đấu tranh yêu nước của vua Duy Tân thông qua các công trình nghiên cứu trước đây cũng như các tài liệu mới 
650 |a Vietnam,Việt Nam 
650 |x History,Lịch sử 
650 |y 20th century,Thế kỷ 20 
904 |i Nguyên 
980 |a Trung tâm Học liệu Trường Đại học Cần Thơ